History of Mathematics
সংরক্ষণ করুন:
| প্রধান লেখক: | |
|---|---|
| বিন্যাস: | গ্রন্থ |
| ভাষা: | ইংরেজি |
| প্রকাশিত: |
Nueva York
Dover
1958
|
| বিষয়গুলি: | |
| ট্যাগগুলো: |
ট্যাগ যুক্ত করুন
কোনো ট্যাগ নেই, প্রথমজন হিসাবে ট্যাগ করুন!
|
MARC
| LEADER | 00000nam a2200000 a 4500 | ||
|---|---|---|---|
| 001 | UCH2010 | ||
| 003 | CL-VaPUC | ||
| 008 | 090520e19580000US |||||||||||||||||eng|d | ||
| 082 | 0 | 4 | |a 510.9 |b SMI |2 21 |
| 100 | 0 | |a Smith, David Eugene |e author |9 536645 | |
| 245 | 1 | 0 | |a History of Mathematics |
| 300 | |a 596 p | ||
| 942 | |c BK | ||
| 945 | |d 20090520 00:00:00 |a dcastane | ||
| 260 | |a Nueva York |b Dover |c 1958 | ||
| 500 | |a v.1: General survey of the history of elementary mathematics | ||
| 650 | 0 | |a Matemática |9 260235 | |
| 650 | 0 | |a Historia |9 255047 | |
| 650 | 0 | |a Cálculo |9 260234 | |
| 650 | 0 | |a Ciencias matemáticas |9 354013 | |
| 650 | 0 | |a Geometría |9 264063 | |
| 650 | 0 | |a Logaritmos |9 260266 | |
| 650 | 0 | |a Trigonometría |9 259568 | |
| 583 | |a last modification |c 20090520 00:00:00 |k Rodrigo Vera | ||
| 999 | |c 333877 |d 333875 | ||
| 952 | |0 0 |1 0 |4 0 |6 510_900000000000000_SMI_1958 |7 0 |8 A |9 422522 |a BIBCUR |b BIBCUR |d 2019-11-22 |h v.1 |i 4534964 |o 510.9 SMI 1958 |p 4534964 |r 2024-01-29 |w 2019-11-22 |y BK |k FIS | ||